| 000 | 01622nam a2200361 c 4500 | ||
|---|---|---|---|
| 999 |
_c143473 _d143473 |
||
| 003 | BLK | ||
| 005 | 20250129005527.0 | ||
| 008 | 180409b bul|||||r ||||||| ||bul|| | ||
| 010 | _aKNG00149596000 | ||
| 040 | _aBLK | ||
| 041 |
_aBUL _cBUL |
||
| 080 |
_aБългарска литература _b821.163.2 _x-93-32 _z821.163.2-93-32 |
||
| 100 |
_aСтрумски, Георги _d1932 - 2013 _gПисател, поет, преводач от руски език. _qЙорданов, Георги Асенов _9375654 |
||
| 139 |
_aСтрумски, Георги _bС 87 |
||
| 245 | 1 | 0 |
_aХудожникът и слънцето _b[Владимир Димитров-Майстора : Повест за деца] _cГеорги Струмски |
| 257 | _aBGR | ||
| 260 |
_aСофия _bБълг. писател _c1973 _fСофия : ДПК Д. Благоев |
||
| 300 |
_a144 с. _b6 л. : ил. _c21 см |
||
| 380 | _aDX | ||
| 500 | _aИстинското име на авт. е Георги Асенов Йорданов. - 20 100 тир. | ||
| 600 | 1 | 4 |
_aДимитров - Майстора, Владимир _9370503 |
| 653 | _aдетска литература | ||
| 653 | _aлитература за деца | ||
| 700 |
_aЙорданов, Георги Асенов _9326703 |
||
| 852 |
_aЦб 69471 _bЦб |
||
| 856 | 4 | _qpdf | |
| 856 | 4 | _qpdf | |
| 942 |
_cKNG _n0 _s1 |
||
| 944 |
_aCR _c20.08.2013 _lCRON CRON _k |
||
| 944 |
_aED _c19.09.2017 _l20.08.2013 - от С1,Р / 20.08.2013 _kХристина_Везирева |
||
| 944 |
_aED _c2022-08-08 _kВП |
||
| 999 | _d143473 | ||